Sports Quiz

Random Sports or Soccer Quiz

Anyone But Bebeto Quiz Stats

 Plays Quiz not verified by Sporcle

Support Sporcle.
Go Orange.
Score 0/57 Timer 09:00
0 Plays Today
Hint Answer % Correct
South American/CONMEBOL player awarded Summer Olympics Top goalscorer since 1948 (as of 04/2020, Bebeto scored 6 in 1996, shared award)Romario
98.3%
Played in both 1989 Copa America and 1994 FIFA World Cup for Brazil (Champions in both)Romario
98.3%
Campeonato Brasileiro Serie A Top goalscorer for Vasco da Gama (as of 04/2020, Bebeto in 1992)Romario
98.3%
Awarded La Liga Top goalscorer in his La Liga debut season since 1945-46 (as of 04/2020, Bebeto in 1992-93 with Deportivo La Coruna)Romario
98.3%
Campeonato Carioca Top goalscorer in consecutive years for Flamengo since 1950 (as of 04/2020, Bebeto in 1988 and 1989)Romario
98.3%
2 or more times Summer Olympics medalist for Brazil since 1948 (as of 04/2020, Bebeto Silver in 1988 and in 1996 Summer Olympics)Neymar
97.3%
2 or more times Summer Olympics medalist for Brazil since 1948 (as of 04/2020, Bebeto Silver in 1988 and in 1996 Summer Olympics)Marcelo
96.7%
Awarded La Liga Top goalscorer in his La Liga debut season since 1945-46 (as of 04/2020, Bebeto in 1992-93 with Deportivo La Coruna)Ruud van Nistelrooy
96.3%
2 or more times Summer Olympics medalist for Brazil since 1948 (as of 04/2020, Bebeto Silver in 1988 and in 1996 Summer Olympics)Alexandre Pato
96%
Awarded La Liga Top goalscorer in his La Liga debut season since 1945-46 (as of 04/2020, Bebeto in 1992-93 with Deportivo La Coruna)Ronaldo
95.3%
Awarded La Liga Top goalscorer in his La Liga debut season since 1945-46 (as of 04/2020, Bebeto in 1992-93 with Deportivo La Coruna)Diego Forlan
95.3%
2 or more times Summer Olympics medalist for Brazil since 1948 (as of 04/2020, Bebeto Silver in 1988 and in 1996 Summer Olympics)Thiago Silva
93.7%
Played in both 1983 FIFA U-20 World Cup and 1994 FIFA World Cup Finals for Brazil (Champions in both)Dunga
92.4%
Played in both 1989 Copa America and 1994 FIFA World Cup for Brazil (Champions in both)Dunga
92.4%
Played in both 1994 and 1998 FIFA World Cup Finals for Brazil (Champions in 1994, Runner-up in 1998)Dunga
92.4%
Played in both 1989 Copa America and 1994 FIFA World Cup for Brazil (Champions in both)Claudio Taffarel
92%
Played in both 1994 and 1998 FIFA World Cup Finals for Brazil (Champions in 1994, Runner-up in 1998)Claudio Taffarel
92%
Scored 20 or more goals for Deportivo La Coruna in La Liga (as of 04/2020, Bebeto 29 in 1992-93 and 25 in 1995-96)Roy Makaay
91%
Played in both 1994 and 1998 FIFA World Cup Finals for Brazil (Champions in 1994, Runner-up in 1998)Cafu
87.7%
Awarded La Liga Top goalscorer in his La Liga debut season since 1945-46 (as of 04/2020, Bebeto in 1992-93 with Deportivo La Coruna)Christian Vieri
87%
Awarded La Liga Top goalscorer in his La Liga debut season since 1945-46 (as of 04/2020, Bebeto in 1992-93 with Deportivo La Coruna)Alfredo Di Stefano
86.7%
Campeonato Carioca Top goalscorer in consecutive years for Flamengo since 1950 (as of 04/2020, Bebeto in 1988 and 1989)Zico
83.1%
Awarded Rey del Futbol de America/King of Football of America/South American Footballer of the Year in the 1980's (Bebeto in 1989)Diego Maradona
83.1%
Awarded Rey del Futbol de America/King of Football of America/South American Footballer of the Year in the 1980's (Bebeto in 1989)Zico
83.1%
Scored 20 or more goals for Deportivo La Coruna in La Liga (as of 04/2020, Bebeto 29 in 1992-93 and 25 in 1995-96)Rivaldo
81.7%
Played in both 1989 Copa America and 1994 FIFA World Cup for Brazil (Champions in both)Aldair
80.7%
Played in both 1994 and 1998 FIFA World Cup Finals for Brazil (Champions in 1994, Runner-up in 1998)Aldair
80.7%
Awarded La Liga Top goalscorer in his La Liga debut season since 1945-46 (as of 04/2020, Bebeto in 1992-93 with Deportivo La Coruna)Mario Kempes
73.1%
South American/CONMEBOL player awarded Summer Olympics Top goalscorer since 1948 (as of 04/2020, Bebeto scored 6 in 1996, shared award)Hernan Crespo
69.1%
Hint Answer % Correct
Awarded Rey del Futbol de America/King of Football of America/South American Footballer of the Year in the 1980's (Bebeto in 1989)Socrates
69.1%
South American/CONMEBOL player awarded Summer Olympics Top goalscorer since 1948 (as of 04/2020, Bebeto scored 6 in 1996, shared award)Carlos Tevez
64.5%
South American/CONMEBOL player awarded Summer Olympics Top goalscorer since 1948 (as of 04/2020, Bebeto scored 6 in 1996, shared award)Ivan Zamorano
63.1%
Scored 20 or more goals for Deportivo La Coruna in La Liga (as of 04/2020, Bebeto 29 in 1992-93 and 25 in 1995-96)Diego Tristan
62.1%
South American/CONMEBOL player awarded Summer Olympics Top goalscorer since 1948 (as of 04/2020, Bebeto scored 6 in 1996, shared award)Leandro Damiao
62.1%
Awarded Rey del Futbol de America/King of Football of America/South American Footballer of the Year in the 1980's (Bebeto in 1989)Carlos Valderrama
61.5%
Awarded Rey del Futbol de America/King of Football of America/South American Footballer of the Year in the 1980's (Bebeto in 1989)Enzo Francescoli
54.5%
Played in both 1983 FIFA U-20 World Cup and 1994 FIFA World Cup Finals for Brazil (Champions in both)Jorginho
40.9%
Played in both 1989 Copa America and 1994 FIFA World Cup for Brazil (Champions in both)Branco
39.5%
Played in both 1989 Copa America and 1994 FIFA World Cup for Brazil (Champions in both)Mazinho
37.2%
Copa America Top goalscorer in the 1980's (Bebeto in 1989)Roberto Dinamite
36.9%
Campeonato Brasileiro Serie A Top goalscorer for Vasco da Gama (as of 04/2020, Bebeto in 1992)Edmundo
36.9%
Campeonato Brasileiro Serie A Top goalscorer for Vasco da Gama (as of 04/2020, Bebeto in 1992)Roberto Dinamite
36.9%
Awarded La Liga Top goalscorer in his La Liga debut season since 1945-46 (as of 04/2020, Bebeto in 1992-93 with Deportivo La Coruna)Hans Krankl
29.6%
Copa America Top goalscorer in the 1980's (Bebeto in 1989)Jorge Burruchaga
17.6%
Awarded Rey del Futbol de America/King of Football of America/South American Footballer of the Year in the 1980's (Bebeto in 1989)Julio Cesar Romero
13%
Awarded Rey del Futbol de America/King of Football of America/South American Footballer of the Year in the 1980's (Bebeto in 1989)Ruben Paz
10%
Scored 5 or more goals in a single La Liga game in the 1990's (Bebeto 5 for Deportivo in a 5:0 win vs Albacete in 1995-96)Alen Peternac
8.6%
2 or more times Summer Olympics medalist for Brazil since 1948 (as of 04/2020, Bebeto Silver in 1988 and in 1996 Summer Olympics)Ademir
6.6%
Campeonato Carioca Top goalscorer in consecutive years for Flamengo since 1950 (as of 04/2020, Bebeto in 1988 and 1989)Gaucho
6.6%
2 or more times Summer Olympics medalist for Brazil since 1948 (as of 04/2020, Bebeto Silver in 1988 and in 1996 Summer Olympics)Luiz Carlos Winck
5%
Awarded Rey del Futbol de America/King of Football of America/South American Footballer of the Year in the 1980's (Bebeto in 1989)Antonio Alzamendi
4.7%
Copa America Top goalscorer in the 1980's (Bebeto in 1989)Carlos Aguilera
4.3%
Campeonato Brasileiro Serie A Top goalscorer for Vasco da Gama (as of 04/2020, Bebeto in 1992)Paulinho
4.3%
Awarded La Liga Top goalscorer in his La Liga debut season since 1945-46 (as of 04/2020, Bebeto in 1992-93 with Deportivo La Coruna)Juan Seminario
3%
Copa America Top goalscorer in the 1980's (Bebeto in 1989)Arnoldo Iguaran
2.3%
Awarded La Liga Top goalscorer in his La Liga debut season since 1945-46 (as of 04/2020, Bebeto in 1992-93 with Deportivo La Coruna)Ricardo Alos
1.7%
Awarded La Liga Top goalscorer in his La Liga debut season since 1945-46 (as of 04/2020, Bebeto in 1992-93 with Deportivo La Coruna)Marianin
1.7%

You're not logged in!

Compare scores with friends on all Sporcle quizzes.
OR
Log In

From the Vault

Songs on the White Album

by BigRed

In 1968, The Beatles suddenly got very tired of coming up with names for albums.
Remove Ads.
Support Sporcle.
Get the best of Sporcle when you Go Orange. This ad-free experience offers more features, more stats, and more fun while also helping to support Sporcle. Thank you for becoming a member.

Show Comments

Extras

Top Quizzes Today


Score Distribution

Your Account Isn't Verified!

In order to create a playlist on Sporcle, you need to verify the email address you used during registration. Go to your Sporcle Settings to finish the process.

Report this User

Report this user for behavior that violates our Community Guidelines.

Details: